01347cam a22003615i 450000100090000000300050000900500170001400800410003101000170007202000310008903800100012004000230013004200080015308200170016110000540017824501590023226000440039126300090043530000090044433600260045333700280047933800270050749000220053470000460055670000510060270000650065370000490071870000480076790600450081594200120086099900190087295200940089121981329NUST20220825125533.0210405s2021 scu 000 0 eng  a 2021936564 a9781467105637q(paperback) aAzhar aDLCbengerdacDLC apcc a975.901bMAB1 aMaberry, Cheryl Hielscher,d1955-eauthor.99658110aAlturas and Lake Garfield cSherry Hielscher Maberry, Linda Smith King, Christi Voigt Adkins, Cathy Frankenburger Curtis, W. Patrick Huff, D. Scott Young. aCharleston :bArcadia Publishing,c2021 a1111 a127p atextbtxt2rdacontent aunmediatedbn2rdamedia avolumebnc2rdacarrier0 aImages of america1 aKing, Linda Smith,d1947-eauthor.9965821 aAdkins, Mary Christine,d1959-eauthor.9965831 aCurtis, Lyda Catherine Frankenburger,d1952-eauthor.9965841 aHuff, Warren Patrick,d1930-eauthor.9965851 aYoung, Darryl Scott,d1957-eauthor.996586 a0bibccorignewd2eepcnf20gy-gencatlg 2ddccLC c590791d590791 00102ddc4070aCLbCLcLCd2022-08-06o975.901 MABpLC-302r2022-08-06w2022-08-06yREF